Wszystkie potwory z Wiedźmina 3 - Statystyki

Ogólne statystyki
  • Ten quiz został rozwiązany 1 953 razy
    1 949 od ostatniego zresetowania
  • Średni wynik to 42 z 83
Statystyki odpowiedzi
Podpowiedź Odpowiedź % Poprawnych
Bestia Wilk
92%
Trupojad Utopiec
85%
Hybryda Gryf
84%
Trupojad Ghul
83%
Bestia Niedźwiedź
83%
Upiór Południca
83%
Upiór Północnica
79%
Relikt Leszy
78%
Relikt Bies
77%
Upiór Upiór
77%
Wampir Wampir wyższy
77%
Drakonid Wiwerna
76%
Bestia Dzik
74%
Bestia Pies
73%
Hybryda Syrena
73%
Istota Przeklęta Wilkołak
73%
Drakonid Bazyliszek
72%
Ogrowaty Nekker
72%
Trupojad Alghul
71%
Trupojad Baba wodna
69%
Wampir Bruxa
69%
Hybryda Harpia
65%
Trupojad Topielec
64%
Drakonid Kuroliszek
63%
Ogrowaty Cyklop
61%
Relikt Czart
61%
Istota Magiczna Golem
61%
Istota Przeklęta Poroniec
61%
Istota Magiczna Żywiołak ognia
61%
Istota Magiczna Żywiołak ziemi
61%
Insektoid Krabopająk
59%
Trupojad Baba cmentarna
58%
Trupojad Zgnilec
58%
Wampir Ekimma
55%
Wampir Katakan
55%
Ogrowaty Troll skalny
55%
Wampir Alp
54%
Relikt Bożątko
53%
Hybryda Sukkub
52%
Insektoid Endriaga wojownik
50%
Hybryda Archegryf
49%
Drakonid Widłogon
49%
Ogrowaty Nekker Wojownik
48%
Trupojad Mglak
47%
Bestia Pantera
47%
Relikt Doppler
46%
Istota Magiczna Dżin
45%
Wampir Fleder
45%
Istota Magiczna Gargulec
45%
Ogrowaty Troll lodowy
45%
Istota Magiczna Ogar Dzikiego Gonu
44%
Istota Magiczna Żywiołak lodu
44%
Insektoid Endriaga robotnica
43%
Ogrowaty Lodowy gigant
43%
Drakonid Wiwerna królewska
42%
Insektoid Skolopendromorf
41%
Wampir Garkain
40%
Upiór Him
40%
Drakonid Oszluzg
40%
Insektoid Arachnomorf
38%
Hybryda Erynia
38%
Upiór Morowa dziewica
37%
Istota Przeklęta Archespor
36%
Trupojad Wicht
33%
Insektoid Kikimora robotnica
32%
Insektoid Jadowity krabopająk
30%
Upiór Barghest
29%
Relikt Borowy
29%
Upiór Pokutnik
29%
Relikt Silvan
29%
Insektoid Endriaga truteń
28%
Hybryda Echidna
27%
Trupojad Parszywiec
27%
Trupojad Wicht plamisty
26%
Relikt Szarlej
25%
Insektoid Pancerny krabopająk
23%
Wampir Protofleder
22%
Drakonid Bazyliszek srebrzysty
21%
Insektoid Kikimora wojowniczka
18%
Upiór Beann'shie
15%
Istota Przeklęta Niedźwiedziołak
15%
Istota Przeklęta Ulfhedinn
15%
Upiór Zmora
14%
Nie znaleziono quizów pasujących do podanych kryteriów
Rozkład punktacji
Procent ludzi z każdym wynikiem
Percentyl według liczby udzielonych odpowiedzi
Twoja historia wyników
Nie rozwiązałeś tego quizu od ostatniego zresetowania